000 00337 a2200157 4500
001 153011
040 _cEscola São Tomás de Aquino
100 _aMURRAY, Roseana
240 1 0 _aPorta a porta
_lpor
245 1 0 _aPorta a porta
300 _a77
362 0 _a1998
440 1 _aSaraiva
697 _a*LITERATURA JUVENIL
942 _cBK
999 _c153011
_d153011